Manual de auto instucción ; Materiales de construcción para obras de riego

保存先:
書誌詳細
第一著者: Fajardo, Mario
その他の著者: Fajardo P., Paulina A.
フォーマット: 図書
言語:スペイン語
出版事項: Santiago FAO 1990
主題:
タグ: タグ追加
タグなし, このレコードへの初めてのタグを付けませんか!

MARC

LEADER 00000nam a22000005a 4500
003 CL-ChBUA
005 20120815091647.0
008 091118s1990 cl ||||| |||| 000 ||spa
040 |a CL-ChBUA  |c CL-ChBUA 
082 0 0 |a 371.8 
090 |c 27005  |d 27005 
100 1 |a Fajardo, Mario 
245 1 0 |a Manual de auto instucción ; Materiales de construcción para obras de riego 
260 |a Santiago  |b FAO  |c 1990 
300 |a 317 p.  |c 29 cm. 
504 |a il., índice 
650 4 |a RIEGO - MANUAL 
650 4 |a RIEGO - EQUIPO Y ACCESORIO - ASPECTOS ECONOMICOS 
700 1 |a Fajardo P., Paulina A. 
942 |c LIB 
952 |0 0  |1 0  |2 ddc  |4 0  |6 371_800000000000000_F_159  |7 0  |9 63380  |a UNACH  |b UNACH  |c 300  |d 2009-11-18  |i 45.926  |l 0  |o 371.8 / F 159  |p 64515  |r 2012-12-27 00:00:00  |u 63380  |w 2012-08-08  |y LIB 
999 |c 27005  |d 27005